000 00381nam a22001577a 4500
020 _a0-439-99385-7
082 _a823
_bDON/G
100 _aDOYLE, RODDY
245 _aTHE GIGGLER TREATMENT
_bSHORT STORY
246 _aTHE GIGGLER TREATMBNT
_bSHORT STORY
260 _aLONDON
_bSCHOLASTIC LTD
_c2000
300 _a111
520 _aSHORT STORY
650 _aSHORT STORY
942 _cBK
999 _c2048
_d2048